| 000 | 00424nam a2200181Ia 4500 | ||
|---|---|---|---|
| 008 | 230524s9999 xx 000 0 und d | ||
| 020 | _a9788127243807 | ||
| 082 |
_a658.45 _bJIN |
||
| 100 | _aS.P.Jain | ||
| 245 | 0 | _aFinancial Accounting | |
| 250 | _a10TH | ||
| 260 |
_aCUTTACK _bKalyani _c2008 |
||
| 300 | _aVI;21.28 | ||
| 500 | _aQuantity Number: 60 | ||
| 650 | _aManagement | ||
| 700 | _a K.L.Narang | ||
| 942 | _cBK | ||
| 999 |
_c38543 _d38543 |
||